Enciclopedia concisa de filosofía y filósofos
Guardat en:
| Autor principal: | |
|---|---|
| Format: | Llibre |
| Idioma: | espanyol |
| Publicat: |
Madrid
Cátedra
1979
|
| Col·lecció: | Colección Teorema. Mayor
|
| Matèries: | |
| Etiquetes: |
Afegir etiqueta
Sense etiquetes, Sigues el primer a etiquetar aquest registre!
|
MARC
| LEADER | 00000nam a2200000 a 4500 | ||
|---|---|---|---|
| 001 | UCO4543 | ||
| 003 | CL-VaPUC | ||
| 008 | 000804e19790000SP |||||||||||||||||spa|d | ||
| 082 | 0 | 4 | |a 103 |b URM |2 21 |
| 100 | 0 | |a Urmson, J. O |e author |9 449096 | |
| 245 | 1 | 0 | |a Enciclopedia concisa de filosofía y filósofos |
| 300 | |a 422 p | ||
| 942 | |c BK | ||
| 945 | |d 20000804 00:00:00 |a crobeson | ||
| 260 | |a Madrid |b Cátedra |c 1979 | ||
| 650 | 0 | |a Filosofía |9 223554 | |
| 650 | 0 | |a Filósofos |9 269126 | |
| 650 | 0 | |a Enciclopedias |9 264135 | |
| 650 | 0 | |a Filosofía antigua |9 255705 | |
| 650 | 0 | |a Filosofía moderna |9 258121 | |
| 650 | 0 | |a Filosofía contemporánea |9 265372 | |
| 583 | |a last modification |c 20000804 00:00:00 |k Rodrigo Vera | ||
| 490 | 0 | |a Colección Teorema. Mayor | |
| 999 | |c 290573 |d 290571 | ||
| 952 | |0 0 |1 0 |4 0 |6 103_000000000000000_URM_1979 |7 0 |8 F |9 340085 |a BIBART |b BIBART |d 2019-11-20 |i 1214004 |o 103 URM 1979 |p 1214004 |r 2025-03-13 |w 2019-11-20 |y BK_F |k ART | ||